Southville International School and Colleges
Your cart is empty.
  • Cart
  • Lists
    Public lists Eva Luna New books Lux_list list_1
    Your lists Log in to create your own lists
  • Log in to your account
  • Your cookies
  • Search history
Southville International School and Colleges
  • Advanced search
  • Recent comments
  • Most popular
  • Libraries

Log in to your account

Log in with GOOGLE


If you do not have an external account, but do have a local account, you can still log in:

  1. Home
  2. MARC view: Birds
Normal view MARC view ISBD view

Birds (Record no. 2423)

[ view plain ]
MARC details
000 -LEADER
fixed length control field 00497nam a22002057a 4500
003 - CONTROL NUMBER IDENTIFIER
control field OSt
005 - DATE AND TIME OF LATEST TRANSACTION
control field 20140310181732.0
008 - FIXED-LENGTH DATA ELEMENTS--GENERAL INFORMATION
fixed length control field 130316t xxu||||| |||| 00| 0 eng d
020 ## - INTERNATIONAL STANDARD BOOK NUMBER
International Standard Book Number 0689716443
050 ## - LIBRARY OF CONGRESS CALL NUMBER
Classification number QL676.2
Item number B59 1992
082 ## - DEWEY DECIMAL CLASSIFICATION NUMBER
Classification number QL676.2
Item number B59 1992
245 ## - TITLE STATEMENT
Title Birds
Statement of responsibility, etc Angela Roysten
260 ## - PUBLICATION, DISTRIBUTION, ETC. (IMPRINT)
Place of publication, distribution, etc London:
Name of publisher, distributor, etc Dorling Kindersley Ltd.
Date of publication, distribution, etc c1992.
300 ## - PHYSICAL DESCRIPTION
Dimensions 23 cm.
521 ## - TARGET AUDIENCE NOTE
Target audience note Grade 2
526 ## - STUDY PROGRAM INFORMATION NOTE
Reading level 450L to 570L
541 ## - IMMEDIATE SOURCE OF ACQUISITION NOTE
-- 1
562 ## - COPY AND VERSION IDENTIFICATION NOTE
Number of copies 1
942 ## - ADDED ENTRY ELEMENTS (KOHA)
Source of classification or shelving scheme Library of Congress Classification
Koha item type
Call number prefix
Holdings
Withdrawn status Lost status Source of classification or shelving scheme Damaged status Home library Current library Shelving location Date acquired Total Checkouts Full call number Barcode Date last seen Copy number Price effective from Koha item type
    Library of Congress Classification   Luxembourg Library Luxembourg Library Grade School Section 03/16/2013   QL 676.2 B59 1992 3819 08/13/2013 1 10/03/2013 Books

Birds

APA

(1992). Birds. London: Dorling Kindersley Ltd.

Chicago

1992. Birds. London: Dorling Kindersley Ltd.

Harvard

(1992). Birds. London: Dorling Kindersley Ltd.

MLA

Birds. London: Dorling Kindersley Ltd. 1992.

  • Place hold
  • Print
  • Cite
  • Add to your cart (remove)
  • Save record
    BIBTEX Dublin Core MARCXML MARC (non-Unicode/MARC-8) MARC (Unicode/UTF-8) MARC (Unicode/UTF-8, Standard) MODS (XML) RIS
  • More searches
    Search for this title in:
    Other Libraries (WorldCat) Other Databases (Google Scholar) Online Stores (Bookfinder.com) Open Library (openlibrary.org)

Exporting to Dublin Core...

SOUTHVILLE LIBRARY

Southville International School and Colleges Library

1281 Tropical Ave. Cor. Luxembourg St., BF Homes International, Las Pinas City

Tel. No. 8256374 / 252358 Loc. 117/146

Powered by Koha